Tratamiento contable de las indemnizaciones por despido y por accidentes de trabajo a la luz de los recientes fallos de la Corte Suprema (Registro nro. 11101)
[ vista simple ]
| 000 -LEADER | |
|---|---|
| fixed length control field | 00443 a2200121 4500 |
| 001 - CONTROL NUMBER | |
| control field | ART_5502 |
| 005 - DATE AND TIME OF LATEST TRANSACTION | |
| control field | 20260410161616.0 |
| 008 - FIXED-LENGTH DATA ELEMENTS--GENERAL INFORMATION | |
| fixed length control field | 260409a |
| 100 1# - MAIN ENTRY--PERSONAL NAME | |
| Personal name | Slosse, Carlos Alberto |
| 245 10 - TITLE STATEMENT | |
| Title | Tratamiento contable de las indemnizaciones por despido y por accidentes de trabajo a la luz de los recientes fallos de la Corte Suprema |
| 700 1# - ADDED ENTRY--PERSONAL NAME | |
| Personal name | Gamondés, Santiago F. |
| 773 0# - HOST ITEM ENTRY | |
| Title | Enfoques |
| Related parts | - Nº 1 (ene. 2005) |
| Record control number | REV416 |
No hay ítems disponibles.